|
|
|
|
| LEADER |
00000nam a2200000 i 4500 |
| 001 |
DIGUEAN0024 |
| 003 |
NyNyDIG |
| 007 |
cr ||||||||||| |
| 008 |
240809s2024 ck aco ob 000 0 spa d |
| 006 |
m o d |
| 035 |
|
|
|a (OCoLC)1452350312
|
| 040 |
|
|
|a DGITA
|b eng
|e rda
|e pn
|c DGITA
|
| 020 |
|
|
|a 9789587567069
|q eBook
|q pdf
|
| 020 |
|
|
|a 9789587567052
|q eBook
|q ePub
|
| 020 |
|
|
|z 9789587567045
|
| 024 |
7 |
|
|a 10.57793/9789587567045
|2 doi
|
| 043 |
|
|
|a s-ck---
|
| 050 |
1 |
4 |
|a JF851 ebook
|
| 100 |
1 |
|
|a Ospina, María Clara,
|e author.
|
| 245 |
1 |
3 |
|a La revolución de las sufragistas :
|b precursoras del voto femenino en Colombia /
|c María Clara Ospina Hernández.
|
| 250 |
|
|
|a Primera edición.
|
| 264 |
|
1 |
|a Bogotá D.C., Colombia :
|b Ediciones EAN,
|c 2024.
|
| 300 |
|
|
|a 1 online resource :
|b illustrations, photographs, portraits.
|
| 336 |
|
|
|a text
|b txt
|2 rdacontent
|
| 337 |
|
|
|a computer
|b c
|2 rdamedia
|
| 338 |
|
|
|a online resource
|b cr
|2 rdacarrier
|
| 347 |
|
|
|a text file
|2 rdaft
|
| 347 |
|
|
|b PDF
|
| 347 |
|
|
|b EPUB
|
| 504 |
|
|
|a Includes bibliographical references.
|
| 588 |
0 |
|
|a Online resource; title from PDF title page (Digitalia, viewed August 9, 2024)
|
| 650 |
|
0 |
|a Suffragists
|z Colombia.
|
| 650 |
|
0 |
|a Women
|x Suffrage
|z Colombia.
|
| 650 |
|
0 |
|a Women
|x Political activity
|z Colombia.
|
| 791 |
2 |
|
|a Digitalia (Firm),
|e distributor.
|
| 793 |
0 |
|
|g Digitalia eBook Collection:
|a Universidad EAN
|
| 776 |
0 |
8 |
|i Print version:
|a Ospina, María Clara.
|t Revolución de las sufragistas.
|b Primera edición.
|d Bogotá D.C., Colombia : Ediciones EAN, [2024]
|z 9789587567045
|
| 856 |
4 |
0 |
|3 Digitalia Hispánica
|u https://www.digitaliapublishing.com/a/157317/
|
| 910 |
|
|
|a Premium collection: 2024
|